000 00543nam a2200169 a 4500
001 000010758
005 20240412074221.0
008 091009s1982 dr 000 p spa d
040 _aDO-SdBNP
_bspa
_cBNPHU
100 1 _aPérez Matos, Rafael
_925961
245 1 0 _aPoéticas en honor al primer centenario de Macorís del Este /
_cRafael Pérez Matos.
260 _aSanto Domingo, :
_bAmigo del Hogar,
_c1982.
300 _a28 p. :
_bretr. ;
_c21 cm.
650 0 _aPoesía dominicana
_966
650 0 _aLiteratura dominicana.
_967
049 _aBNPD
999 _c10513
_d10513